Antiqui und moderni : Traditionsbewußtsein und Fortschrittsbewußtsein im späten Mittelalter

Bibliographische Detailangaben
Weitere Verfasser: Zimmermann, Albert 1928-2017 (HerausgeberIn), Vuillemin-Diem, Gudrun (BerichterstatterIn), Kölner Mediaevistentagung (BerichterstatterIn)
Format: Buch
Sprache:French
German
Italian
English
Veröffentlicht: Berlin [u.a.] : de Gruyter, 1974
Mit dem übergeordneten Werk verknüpfte Titel:Miscellanea mediaevalia 9
Zugriff auf das übergeordnete Werk:Miscellanea mediaevalia
Schlagworte:Antiquus (The Latin word) Modernus (The Latin word) Latin language Time Philosophy, Medieval Tradition (Philosophy) Progress Sozialphilosophie Wirtschaftsgeschichte und Sozialgeschichte Mittelalter / Geistes- und Kulturgeschichte mehr... Tradition Zeitbewusstsein Fortschritt Geschichte Traditionsbewußtsein Mittelalter Fortschrittsgedanke
Umfang:IX, 545 S.
LEADER 01000cam a2200265 c 4500
001 022063978
003 DE-627
005 20260316083700.0
007 tu
008 881109s1974 gw ||||| 00| ||fre c
015 |a 74,A08,0695  |2 dnb 
016 7 |a 740083821  |2 DE-101 
020 |a 3110045389  |9 3-11-004538-9 
035 |a (DE-627)022063978 
035 |a (DE-603)024047090 
035 |a (DE-576)005831229 
035 |a (DE-599)GBV022063978 
035 |a (OCoLC)1240473888 
035 |a (OCoLC)310651801 
035 |a (OCoLC)1050480654 
035 |a (OCoLC)63381788 
035 |a (DE-604)8031420311 
040 |a DE-627  |b ger  |c DE-627  |e rakwb 
041 |a fre  |a ger  |a ita  |a eng 
044 |c XA-DE  |c XD-US  |c XA-DE-BE 
050 0 |a B738.T5 
072 7 |a PHI012000  |2 bisacsh 
072 7 |a REL015000  |2 bisacsh 
072 7 |a PHI009000  |2 bisacsh 
082 0 |a 115 
082 0 |a 940.1  |q OCLC 
084 |a 14a  |2 sdnb 
084 |a 1  |2 ssgn 
084 |a NM 1300  |2 rvk  |0 (DE-625)rvk/126290: 
084 |a NM 1400  |2 rvk  |0 (DE-625)rvk/126291: 
084 |a CE 1250  |2 rvk  |0 (DE-625)rvk/17859: 
084 |a BO 4265  |2 rvk  |0 (DE-625)rvk/14437: 
084 |a NM 7260  |2 rvk  |0 (DE-625)rvk/126406: 
084 |a GB 1725  |2 rvk  |0 (DE-625)rvk/38073: 
084 |a NM 7250  |2 rvk  |0 (DE-625)rvk/126405: 
084 |a 15.33  |2 bkl 
245 0 0 |a Antiqui und moderni  |b Traditionsbewußtsein und Fortschrittsbewußtsein im späten Mittelalter  |c hrsg. von Albert Zimmermann. Für den Druck besorgt von Gudrun Vuillemin-Diem 
264 1 |a Berlin [u.a.]  |b de Gruyter  |c 1974 
300 |a IX, 545 S.  |c 27 cm 
336 |a Text  |b txt  |2 rdacontent 
337 |a ohne Hilfsmittel zu benutzen  |b n  |2 rdamedia 
338 |a Band  |b nc  |2 rdacarrier 
490 1 |a Miscellanea mediaevalia  |v 9 
546 |a Beitr. teilw. dt., teilw. engl., teilw. franz., teilw. ital. 
583 1 |a Massenentsäuert  |c 2010  |k DE-18  |2 pdager  |5 DE-18-64 
583 1 |a Archivierung/Langzeitarchivierung gewährleistet  |f SSG  |x XA-DE-BW  |2 pdager  |5 DE-21 
650 0 |a Antiquus (The Latin word) 
650 0 |a Modernus (The Latin word) 
650 0 |a Latin language  |x Semantics 
650 0 |a Time 
650 0 |a Philosophy, Medieval 
650 0 |a Tradition (Philosophy) 
650 0 |a Progress 
650 4 |a Sozialphilosophie 
650 4 |a Wirtschaftsgeschichte und Sozialgeschichte 
650 4 |a Mittelalter / Geistes- und Kulturgeschichte 
655 7 |a Konferenzschrift  |0 (DE-588)1071861417  |0 (DE-627)826484824  |0 (DE-576)433375485  |2 gnd-content 
689 0 0 |D s  |0 (DE-588)4060560-7  |0 (DE-627)106139118  |0 (DE-576)209135743  |a Tradition  |2 gnd 
689 0 1 |D s  |0 (DE-588)4117705-8  |0 (DE-627)105797189  |0 (DE-576)209512180  |a Zeitbewusstsein  |2 gnd 
689 0 2 |D s  |0 (DE-588)4017985-0  |0 (DE-627)106328069  |0 (DE-576)208921893  |a Fortschritt  |2 gnd 
689 0 3 |A z  |2 gnd  |a Geschichte 
689 0 |5 (DE-627) 
700 1 |a Zimmermann, Albert  |d 1928-2017  |e hrsg  |0 (DE-588)119209926  |0 (DE-627)080008399  |0 (DE-576)211632813  |4 edt 
700 1 |a Vuillemin-Diem, Gudrun  |0 (DE-588)1055428208  |0 (DE-627)793503795  |0 (DE-576)411561359  |4 oth 
711 2 |a Kölner Mediaevistentagung  |n 18.  |d 1972  |c Köln  |0 (DE-588)5192981-8  |0 (DE-627)22074128X  |0 (DE-576)195980077  |4 oth 
711 2 9 |a Kölner Mediaevistentagung  |n 18  |c Köln  |d 1972.08.30-09.02 
776 0 8 |i Erscheint auch als  |n Online-Ausgabe  |t Antiqui und Moderni  |d Berlin : Walter de Gruyter, 2010  |h Online-Ressource (ix, 545 p)  |w (DE-627)1655849921  |w (DE-576)405062419  |z 9783110838756  |z 3110045389  |z 9783110045383 
830 0 |a Miscellanea mediaevalia  |v 9  |9 9  |w (DE-627)130732826  |w (DE-576)016285085  |w (DE-600)978366-0  |x 0544-4128  |7 am 
856 4 2 |u http://d-nb.info/740083821/04  |m B:DE-101  |q pdf/application  |v 20161127003401  |x Verlag  |3 Inhaltsverzeichnis  |7 1 
856 4 2 |u http://scans.hebis.de/HEBCGI/show.pl?02404709_toc.pdf  |m V:DE-605  |q application/pdf  |3 Inhaltsverzeichnis  |7 1 
889 |w (DE-627)098843524 
912 |a GBV_ILN_11 
912 |a ISIL_DE-1a 
912 |a SYSFLAG_1 
912 |a GBV_KXP 
912 |a GBV_ILN_20 
912 |a ISIL_DE-84 
912 |a GBV_ILN_21 
912 |a ISIL_DE-46 
912 |a GBV_ILN_22 
912 |a ISIL_DE-18 
912 |a GBV_ILN_22_i30908 
912 |a GBV_ILN_22_i06404 
912 |a GBV_ILN_22_i30809 
912 |a GBV_ILN_22_i16101 
912 |a GBV_ILN_24 
912 |a ISIL_DE-8 
912 |a GBV_ILN_24_f037 
912 |a GBV_ILN_31 
912 |a ISIL_DE-27 
912 |a GBV_ILN_39 
912 |a ISIL_DE-547 
912 |a GBV_ILN_40 
912 |a ISIL_DE-7 
912 |a GBV_ILN_40_i052 
912 |a GBV_ILN_40_i053 
912 |a GBV_ILN_40_i037 
912 |a GBV_ILN_40_i042 
912 |a GBV_ILN_50 
912 |a ISIL_DE-23 
912 |a GBV_ILN_60 
912 |a ISIL_DE-705 
912 |a GBV_ILN_62 
912 |a ISIL_DE-28 
912 |a GBV_ILN_65 
912 |a ISIL_DE-3 
912 |a GBV_ILN_65_a3 
912 |a GBV_ILN_69 
912 |a ISIL_DE-9 
912 |a GBV_ILN_70 
912 |a ISIL_DE-89 
912 |a GBV_ILN_72 
912 |a ISIL_DE-35 
912 |a GBV_ILN_110 
912 |a ISIL_DE-Luen4 
912 |a GBV_ILN_120 
912 |a ISIL_DE-715 
912 |a GBV_ILN_121 
912 |a ISIL_DE-45 
912 |a GBV_ILN_130 
912 |a ISIL_DE-700 
912 |a GBV_ILN_131 
912 |a ISIL_DE-Va1 
912 |a GBV_ILN_205 
912 |a GBV_ILN_257 
912 |a ISIL_DE-H99 
912 |a GBV_ILN_341 
912 |a ISIL_DE-Old3 
912 |a GBV_ILN_350 
912 |a ISIL_DE-2795 
912 |a GBV_ILN_350_ 
912 |a GBV_ILN_754 
912 |a ISIL_DE-B1532 
912 |a GBV_ILN_807 
912 |a ISIL_DE-Wb1 
912 |a GBV_ILN_813 
912 |a ISIL_DE-Mue73 
912 |a GBV_ILN_2001 
912 |a ISIL_DE-21 
912 |a GBV_ILN_2002 
912 |a ISIL_DE-21-35 
912 |a ISIL_DE-21-108 
912 |a ISIL_DE-21-32b 
912 |a GBV_ILN_2003 
912 |a ISIL_DE-25 
912 |a GBV_ILN_2004 
912 |a ISIL_DE-25-30a 
912 |a ISIL_DE-25-31b 
912 |a ISIL_DE-25-32 
912 |a ISIL_DE-25-156 
912 |a GBV_ILN_2005 
912 |a ISIL_DE-291 
912 |a GBV_ILN_2006 
912 |a ISIL_DE-14 
912 |a GBV_ILN_2007 
912 |a ISIL_DE-352 
912 |a GBV_ILN_2008 
912 |a ISIL_DE-24 
912 |a GBV_ILN_2009 
912 |a ISIL_DE-180 
912 |a GBV_ILN_2010 
912 |a ISIL_DE-15 
912 |a GBV_ILN_2011 
912 |a ISIL_DE-16 
912 |a GBV_ILN_2012 
912 |a ISIL_DE-16-142 
912 |a ISIL_DE-16-34 
912 |a ISIL_DE-16-12 
912 |a ISIL_DE-16-29 
912 |a ISIL_DE-16-32 
912 |a ISIL_DE-16-86 
912 |a GBV_ILN_2014 
912 |a ISIL_DE-90 
912 |a GBV_ILN_2015 
912 |a ISIL_DE-93 
912 |a GBV_ILN_2016 
912 |a ISIL_DE-93-106 
912 |a ISIL_DE-93-114 
912 |a GBV_ILN_2018 
912 |a ISIL_DE-31 
912 |a GBV_ILN_2019 
912 |a ISIL_DE-Tue135 
912 |a GBV_ILN_2020 
912 |a ISIL_DE-Ch1 
912 |a GBV_ILN_2030 
912 |a ISIL_DE-77 
912 |a ISIL_DE-77-004 
912 |a GBV_ILN_2032 
912 |a ISIL_DE-122 
912 |a GBV_ILN_2046 
912 |a ISIL_DE-N1 
912 |a GBV_ILN_2056 
912 |a ISIL_DE-2491 
912 |a GBV_ILN_2067 
912 |a ISIL_DE-Tue69 
912 |a GBV_ILN_2121 
912 |a ISIL_DE-He79 
912 |a GBV_ILN_2208 
912 |a ISIL_DE-451 
912 |a GBV_ILN_2285 
912 |a ISIL_DE-Beu1 
912 |a GBV_ILN_2579 
912 |a ISIL_DE-Mz5 
912 |a GBV_ILN_2582 
912 |a ISIL_DE-4020 
935 |a mteo  |a RFBW 
935 |i Blocktest 
936 r v |a NM 1300  |b Einzelbeiträge (u.a. Sammelbiografien)  |k Geschichte  |k Geschichte des Mittelalters  |k Quellen und Darstellungen zum Gesamtzeitraum  |k Darstellungen  |k Einzelbeiträge (u.a. Sammelbiografien)  |0 (DE-627)1270881418  |0 (DE-625)rvk/126290:  |0 (DE-576)200881418 
936 r v |a NM 1400  |b Kirchengeschichte, Geistes- und Kulturgeschichte  |k Geschichte  |k Geschichte des Mittelalters  |k Quellen und Darstellungen zum Gesamtzeitraum  |k Darstellungen  |k Kirchengeschichte, Geistes- und Kulturgeschichte  |0 (DE-627)1270944614  |0 (DE-625)rvk/126291:  |0 (DE-576)200944614 
936 r v |a CE 1250  |b Sonstiges  |k Philosophie  |k Geschichte der Philosophie  |k Geschichte der Philosophie des Abendlandes von Antike bis 20. Jahrhundert  |k Philosophie des Mittelalters  |k Sonstiges  |0 (DE-627)1270640550  |0 (DE-625)rvk/17859:  |0 (DE-576)200640550 
936 r v |a BO 4265  |b Schriftenreihen  |k Theologie und Religionswissenschaften  |k Patrologie und Kirchengeschichte  |k Kirchengeschichte nach Perioden  |k Geschichte der Kirche im Mittelalter  |k Darstellungen  |k Mittelalter insgesamt  |k Schriftenreihen  |0 (DE-627)1270747134  |0 (DE-625)rvk/14437:  |0 (DE-576)200747134 
936 r v |a NM 7260  |b Kirchengeschichte, Geistes- und Kulturgeschichte  |k Geschichte  |k Geschichte des Mittelalters  |k Abendländische Geschichte im Mittelalter nach Zeitabschnitten  |k Spätmittelalter (1250 - 1519)  |k Kirchengeschichte, Geistes- und Kulturgeschichte  |0 (DE-627)1271462583  |0 (DE-625)rvk/126406:  |0 (DE-576)201462583 
936 r v |a GB 1725  |b Sammelwerke von mehreren Verfassern  |k Germanistik. Niederlandistik. Skandinavistik  |k Germanistik. Allgemeines  |k Sammelwerke von mehreren Verfassern  |0 (DE-627)1270851527  |0 (DE-625)rvk/38073:  |0 (DE-576)200851527 
936 r v |a NM 7250  |b Einzelbeiträge  |k Geschichte  |k Geschichte des Mittelalters  |k Abendländische Geschichte im Mittelalter nach Zeitabschnitten  |k Spätmittelalter (1250 - 1519)  |k Einzelbeiträge  |0 (DE-627)1271462575  |0 (DE-625)rvk/126405:  |0 (DE-576)201462575 
936 b k |a 15.33  |j Hoch- und Spätmittelalter  |q coli-conc RVK->BK  |q https://coli-conc.gbv.de/api/mappings/60459f8e-5cf3-495f-b29b-ffec5c726ba7  |0 (DE-627)181571560 
936 s n |a b100  |2 mzub 
936 s n |a c100  |2 mzub 
936 s n |a g100  |2 mzub 
936 s n |a n100  |2 mzub 
951 |a BO 
953 |2 045F  |a 115  |u https://www.gbv.de/dms/ddc/115.pdf 
953 |2 045F  |a 940.1  |u https://www.gbv.de/dms/ddc/940.1.pdf 
980 |2 11  |1 01  |x 0001  |b 414626524  |c 00  |f 6  |d Ser. 6527-9  |e u  |j --%%--  |y r  |z 01-01-94 
980 |2 11  |1 02  |x 0001  |b 45046797x  |c 00  |f 6  |d 17 Per 489-9  |e u  |j --%%--  |y r  |z 26-07-98 
980 |2 20  |1 01  |x 0084  |b 411932632  |c 00  |f --%%--  |d 2434-8476  |e --%%--  |j --%%--  |y k  |z 31-12-97 
980 |2 20  |1 02  |x 0084  |b 60286660X  |c 00  |f Q4  |d Tgb 5109  |e i  |j --%%--  |y riQ4  |z 28-05-03 
980 |2 21  |1 01  |x 0046  |b 183015908  |c 00  |f Magazin  |d 03.d.1750  |e u  |j --%%--  |h Aufsätze_anzuhängen  |y xza  |z 25-02-72 
980 |2 22  |1 01  |x 0018  |b 085163988  |c 00  |f SUB-SM  |d A 1974/1623  |e u  |j --%%--  |y zu  |z 02-06-94 
980 |2 22  |1 02  |x 0018  |b 229212271  |c 00  |f 18/309-PH  |d 2 aa 1,9  |e c  |j --%%--  |c 04  |f 18/309-p  |d 2 aa 1,9  |e i  |j --%%--  |y zi30908  |z 17-02-97 
980 |2 22  |1 03  |x 0018  |b 549048332  |c 00  |f 18/64  |d Med 11: Qh Zim/1974  |e u  |j --%%--  |c 03  |f --%%--  |d Med A/3506  |e --%%--  |j --%%--  |y zi06404  |z 07-03-02 
980 |2 22  |1 05  |x 0018  |b 685028372  |c 00  |f 18/308  |d KGS-Ges 4856  |e i  |j --%%--  |y ri30809  |z 23-11-04 
980 |2 22  |1 07  |x 0018  |b 1308531087  |c 00  |f 18/161  |d G V f 5011 : 9  |e i  |j --%%--  |y ri16101  |z 15-06-12 
980 |2 24  |1 01  |x 0008  |b 333864174  |c 00  |f 19  |d P 2113-9  |e u  |j --%%--  |h hk  |y zz1  |z 29-03-99 
980 |2 24  |1 03  |x 0008  |b 1400476232  |c 00  |f 8/37  |d GM 38  |e i  |j --%%--  |h ea  |y zf037  |z 13-06-13 
980 |2 31  |1 01  |x 0027  |b 220283141  |c 00  |f J 23  |d HIS:MA:402::9:1974  |e d  |j --%%--  |c 09  |f --%%--  |d 96 NA 9214/1  |e --%%--  |j --%%--  |y n  |z 01-01-96 
980 |2 39  |1 02  |x 0547  |b 266229352  |c 00  |f SLS  |d NM 7260 Z73  |e g  |j --%%--  |c 05  |f --%%--  |d PH Erfurt (Geschichte)  |e --%%--  |j --%%--  |y zep01  |z 02-12-97 
980 |2 39  |1 03  |x 0547  |b 289266742  |c 00  |f LS  |d NM 7260 Z73  |e b  |j --%%--  |c 05  |f --%%--  |d Bibliothek der ehem. Kirchlichen Hochschule Naumburg  |e --%%--  |j --%%--  |y zen1  |z 08-07-98 
980 |2 40  |1 01  |x 0007  |b 294449558  |c 00  |f --%%--  |d ZA 21962:9  |e u  |j --%%--  |y xsn  |z 22-03-99 
980 |2 40  |1 02  |x 0007  |b 240529502  |c 00  |f 7/052  |d M-2 1/110:9  |e i  |j --%%--  |y ri052  |z 13-06-97 
980 |2 40  |1 03  |x 0007  |b 839204949  |c 00  |f BBK-HIST  |d D IV 2651 (9)  |e i  |j --%%--  |y ri053  |z 10-10-07 
980 |2 40  |1 04  |x 7/45  |b 247293482  |c 00  |f 7/037:DRG  |d VII B, 210  |e i  |j --%%--  |y ki037  |z 23-07-97 
980 |2 40  |1 05  |x 7/149  |b 334934834  |c 00  |f 7/042  |d Lc 48 (9)  |e i  |j --%%--  |y ri042  |z 09-04-99 
980 |2 50  |1 01  |x 0023  |b 280730489  |c 00  |f --%%--  |d F8° 1223:9  |e u  |j --%%--  |y k  |z 28-04-98 
980 |2 60  |1 01  |x 0705  |b 023037318  |c 00  |f PAE  |d PHL 170:U0003  |e u  |j --%%--  |y n  |z 01-01-92 
980 |2 62  |1 01  |x 0028  |b 307337200  |c 00  |f 28/BB2  |d NM 1400 M678-9  |e s  |j --%%--  |y zu  |z 29-10-98 
980 |2 65  |1 01  |x 0003  |b 231327412  |c 00  |f M3  |d 75 A 3323  |e u  |j --%%--  |y ra3  |z 13-03-97 
980 |2 69  |1 01  |x 0009  |b 164531858  |c 00  |f BB 310  |d 310/NM 7260 Z73  |e u  |j --%%--  |y zu  |z 28-01-02 
980 |2 70  |1 01  |x 89/19  |b 28098703X  |c 00  |f FBSBB  |d Hist 4600/33:9  |e i  |j --%%--  |y zsg  |z 30-04-98 
980 |2 70  |1 80  |x 89/19  |b 4794596111  |c 00  |f FBSBB Phil  |d CE 1250 14  |e u  |j --%%--  |h enthTIB  |y ksp  |z 30-10-25 
980 |2 72  |1 01  |x 0035  |b 216842646  |c 00  |f ZEN  |d 74/1605  |e u  |j --%%--  |k Ers.-Ex., Xerokopie  |y rz  |z 18-10-96 
980 |2 110  |1 01  |x 3110  |b 515620203  |c 00  |f CAM  |d 79-4979  |e u  |j --%%--  |y xz  |z 27-02-96 
980 |2 120  |1 01  |x 0715  |b 4798320412  |c 00  |f 21  |d C.II.c.020:09  |e g  |j --%%--  |h alma  |y z  |z 07-11-25 
980 |2 121  |1 01  |x 0045  |b 400466945  |c 00  |f --%%--  |d 74-1831  |e u  |j --%%--  |h alma  |y z  |z 16-08-00 
980 |2 130  |1 01  |x 0700  |b 025210882  |c 00  |f B  |d HJP 4059-788 7  |e u  |j --%%--  |y nb  |z 09-11-88 
980 |2 131  |1 01  |x 3131  |b 151126437  |c 00  |f Magazin  |d 174017  |e u  |j --%%--  |y r  |z 23-06-95 
980 |2 205  |1 01  |x 3205  |b 1113964049  |y xfe1  |z 16-02-10 
980 |2 257  |1 01  |x 3537  |b 1307126316  |c 00  |f Magazin  |d 2011:2695  |e u  |j --%%--  |k X 783/9  |y zkb  |z 01-06-12 
980 |2 341  |1 01  |x 4341  |b 685267660  |c 00  |f --%%--  |d C.II.c.020:09  |e c  |j --%%--  |y n  |z 30-09-99 
980 |2 350  |1 01  |x 8293  |b 098464507  |c 00  |f MAG3  |d Bb 11 -9  |e i  |j --%%--  |y n  |z 02-12-99 
980 |2 754  |1 01  |x 3754  |b 1226180841  |c 00  |f --%%--  |d E 81/397  |e u  |j --%%--  |y n  |z 01-05-10 
980 |2 807  |1 01  |x 3807  |b 425237927X  |c 00  |f LEU  |d 2023-25  |e u  |j --%%--  |y z  |z 27-01-23 
980 |2 813  |1 01  |x 4813  |b 3985108919  |c 00  |f DMAG  |d 76:3545  |e u  |j --%%--  |y rdbm  |z 07-10-21 
980 |2 2001  |1 01  |x DE-21  |b 3113953472  |c 00  |f --%%--  |d 13 A 14773  |e --%%--  |j --%%--  |y l01  |z 17-12-97 
980 |2 2002  |1 01  |x DE-21-35  |b 3113953553  |c 00  |f --%%--  |d Ez 2.19-9  |e p  |j --%%--  |y l01  |z 14-02-94 
980 |2 2002  |1 02  |x DE-21-108  |b 3113953561  |c 00  |f --%%--  |d HA 060.023-9  |e p  |j l  |y l01  |z 21-07-05 
980 |2 2002  |1 03  |x DE-21-32b  |b 3113953588  |c 00  |f --%%--  |d Fa 395/9  |e p  |j --%%--  |y l01  |z 03-07-08 
980 |2 2003  |1 01  |x DE-25  |b 3113953715  |c 00  |f --%%--  |d B 9352,uv-9  |e --%%--  |j --%%--  |y l01  |z 19-04-95 
980 |2 2004  |1 01  |x DE-25-30a  |b 3113953790  |c 00  |f --%%--  |d Frei 30a: VIII 4 Mis 0.0, Bd 9  |e p  |j --%%--  |y l01  |z 09-06-98 
980 |2 2004  |1 02  |x DE-25-31b  |b 3113953804  |c 00  |f --%%--  |d Frei 31b: B 1920 - 9  |e p  |j --%%--  |c 01  |f --%%--  |d Bereich Geschichte  |e --%%--  |j --%%--  |y l01  |z 05-04-94 
980 |2 2004  |1 03  |x DE-25-32  |b 3113953820  |c 00  |f --%%--  |d Frei 32: LA 90/3-Bd 9  |e p  |j --%%--  |y l01  |z 02-12-05 
980 |2 2004  |1 04  |x DE-25-156  |b 3113953847  |c 00  |f --%%--  |d Frei 156  |e p  |j --%%--  |c 01  |f --%%--  |d MA P 135,-9  |e --%%--  |j --%%--  |y l01  |z 28-02-97 
980 |2 2005  |1 01  |x DE-291  |b 3113953944  |c 00  |f --%%--  |d 73-9293  |e --%%--  |j --%%--  |y l01  |z 30-12-98 
980 |2 2006  |1 01  |x DE-14  |b 3113954053  |c 00  |f --%%--  |d 1997 8 011207  |e --%%--  |j --%%--  |k LSTO: 02  |y l01  |z 29-04-97 
980 |2 2006  |1 02  |x DE-14  |b 311395407X  |c 00  |f --%%--  |d --%%--  |e --%%--  |j --%%--  |y l02  |z 18-06-97 
980 |2 2007  |1 01  |x DE-352  |b 3113954118  |c 00  |f --%%--  |d --%%--  |e --%%--  |j --%%--  |y l01  |z 01-01-85 
980 |2 2008  |1 01  |x DE-24  |b 3113954150  |c 00  |f --%%--  |d 25a/452  |e --%%--  |j --%%--  |y l01  |z 14-03-11 
980 |2 2009  |1 01  |x DE-180  |b 3113954185  |c 00  |f COMP  |d AD 1579  |e --%%--  |j l  |y l01  |z 24-08-18 
980 |2 2010  |1 01  |x DE-15  |b 3113954223  |c 00  |f --%%--  |d --%%--  |e --%%--  |j --%%--  |y l01  |z 20-07-01 
980 |2 2011  |1 01  |x DE-16  |b 3113954274  |c 00  |f --%%--  |d 74 B 71  |e --%%--  |j --%%--  |y l01  |z 20-04-91 
980 |2 2012  |1 01  |x DE-16-142  |b 3113954355  |c 00  |f --%%--  |d III D 7  |e p  |j --%%--  |y l01  |z 04-07-03 
980 |2 2012  |1 03  |x DE-16-34  |b 3113954371  |c 00  |f --%%--  |d Cf 92  |e p  |j --%%--  |y l01  |z 01-12-04 
980 |2 2012  |1 05  |x DE-16-12  |b 3113954398  |c 00  |f --%%--  |d 233 Zim  |e p  |j --%%--  |y l01  |z 16-08-06 
980 |2 2012  |1 06  |x DE-16-29  |b 3113954401  |c 00  |f --%%--  |d Mtp 409  |e p  |j --%%--  |y l01  |z 29-11-07 
980 |2 2012  |1 07  |x DE-16-32  |b 311395441X  |c 00  |f --%%--  |d KG 42 B 9  |e p  |j --%%--  |y l01  |z 28-04-08 
980 |2 2012  |1 08  |x DE-16-86  |b 3113954428  |c 00  |f --%%--  |d Ea 20  |e p  |j --%%--  |y l01  |z 14-05-13 
980 |2 2014  |1 01  |x DE-90  |b 3113954614  |c 00  |f --%%--  |d 2004 A 21704  |e --%%--  |j --%%--  |y l01  |z 19-07-04 
980 |2 2015  |1 01  |x DE-93  |b 3113954738  |c 00  |f --%%--  |d 3G 1115-9  |e --%%--  |j --%%--  |y l01  |z 15-11-96 
980 |2 2016  |1 01  |x DE-93-106  |b 3113954819  |c 00  |f --%%--  |d III a Mis 1/9  |e p  |j --%%--  |k Inv.Nr. 7535/78  |y l01  |z 28-02-97 
980 |2 2016  |1 02  |x DE-93-114  |b 3113954827  |c 00  |f --%%--  |d Z 460-9  |e p  |j --%%--  |k Acc.1974/175 / KORR  |y l01  |z 16-11-95 
980 |2 2018  |1 01  |x DE-31  |b 3113954916  |c 00  |f --%%--  |d SA 2636,9  |e --%%--  |j --%%--  |y l01  |z 21-10-98 
980 |2 2019  |1 01  |x DE-Tü135  |b 4478965250  |c 00  |f --%%--  |d --%%--  |e --%%--  |j n  |y l01  |z 07-02-24 
980 |2 2020  |1 01  |x DE-Ch1  |b 3113955017  |c 00  |f --%%--  |d CE 1060 ant  |e --%%--  |j --%%--  |y l01  |z 03-08-94 
980 |2 2030  |1 01  |x DE-77  |b 4896458486  |c 00  |f --%%--  |d 034.961  |e --%%--  |j l  |y l01  |z 03-04-00 
980 |2 2030  |1 02  |x DE-77-004  |b 4896458494  |c 00  |f Standorte Germanistik I / Kulturanthropologie und Germanistik II  |d 09 G - M 680  |e --%%--  |j n  |y l02  |z 18-07-02 
980 |2 2030  |1 03  |x DE-77-004  |b 4896458508  |c 00  |f Standort Historische Kulturwissenschaften  |d NM 7260 ZIM/ 1  |e --%%--  |j n  |c 01  |f --%%--  |d HKW NM 7260 ZIM/ 1  |e --%%--  |j --%%--  |y l03  |z 16-06-10 
980 |2 2030  |1 04  |x DE-77-004  |b 4896458516  |c 00  |f Standort Mittlere und Neuere Geschichte  |d Eg 60-9  |e --%%--  |j n  |y l04  |z 07-09-00 
980 |2 2030  |1 05  |x DE-77-004  |b 4896458524  |c 00  |f Standort Buchwissenschaft  |d Wc 2  |e --%%--  |j n  |y l05  |z 24-10-00 
980 |2 2032  |1 01  |x DE-122  |b 3113955092  |c 00  |f --%%--  |d 73 493  |e --%%--  |j --%%--  |y l01  |z 21-02-95 
980 |2 2046  |1 01  |x DE-N1  |b 361079531X  |c 00  |f --%%--  |d --%%--  |e p  |j --%%--  |y l01  |z 19-03-20 
980 |2 2056  |1 01  |x DE-2491  |b 3808314982  |c 00  |f --%%--  |d Ac 255 (009  |e --%%--  |j n  |y l01  |z 23-07-20 
980 |2 2067  |1 01  |x DE-Tü69  |b 3113955157  |c 00  |f --%%--  |d 21 197-9  |e --%%--  |j --%%--  |y l01  |z 22-10-02 
980 |2 2121  |1 01  |x DE-He79  |b 3113955246  |c 00  |f --%%--  |d 1422 Zimm/Am  |e p  |j --%%--  |y l01  |z 11-06-03 
980 |2 2208  |1 01  |x DE-451  |b 3113955289  |c 00  |f --%%--  |d 08 A 340  |e p  |j --%%--  |y l01  |z 31-07-08 
980 |2 2285  |1 01  |x DE-Beu1  |b 311395536X  |c 00  |f --%%--  |d 8° Philos 5124  |e l  |j a  |y l01  |z 21-12-16 
980 |2 2579  |1 01  |x DE-Mz5  |b 4700900059  |c 00  |f IEG/1  |d Gc 12  |e p  |j n  |y l01  |z 14-03-06 
980 |2 2582  |1 01  |x DE-4020  |b 4830413247  |c 00  |f --%%--  |d H 76/9  |e p  |j n  |y l01  |z 18-12-25 
980 |2 2582  |1 02  |x DE-4020  |b 4830413255  |c 00  |f --%%--  |d H 76/9 2. Ex.  |e p  |j n  |y l02  |z 18-12-25 
982 |2 22  |1 05  |x 0018  |8 00  |a Kulturgeschichte - Mittelalter 
982 |2 31  |1 00  |x DE-27  |8 00  |a Tradition / Fortschritt / Bewußtsein / Mittelalter / Geschichte 1250 - 1500 
982 |2 350  |1 01  |x 8293  |8 00  |a Traditionsbewußtsein 
982 |2 350  |1 01  |x 8293  |8 00  |a Mittelalter 
982 |2 350  |1 01  |x 8293  |8 00  |a Fortschrittsgedanke 
982 |2 2020  |1 01  |x DE-Ch1  |8 00  |s z  |0 (DE-627)1306029899  |a Geschichte 1200-1500 
982 |2 2020  |1 01  |x DE-Ch1  |8 01  |s s  |0 (DE-627)1305831861  |a Philosophie 
983 |2 21  |1 00  |x DE-46  |8 30  |a hil 005.50 
983 |2 21  |1 00  |x DE-46  |8 31  |a hil 571 7q 
983 |2 21  |1 00  |x DE-46  |8 99  |a 23 
983 |2 22  |1 01  |x 0018  |8 00  |a 624:S27:F92 
983 |2 22  |1 01  |x 0018  |8 01  |a 606:H6:F92 
983 |2 22  |1 01  |x 0018  |8 02  |a 401:H6:F92 
983 |2 24  |1 01  |x 0008  |8 50  |0 (DE-627)244244677  |a kul 307  |b Europa  |b Mittelalter  |b Kulturgeschichte  |b Geistesgeschichte  |b Kultur  |b Geschichte 500-1500  |b (Einzelheiten) 
983 |2 24  |1 01  |x 0008  |8 51  |0 (DE-627)323505309  |a kul 699  |b Vorstellung  |b Einstellung  |b Idee  |b Mentalität  |b Kultur  |b Geschichte  |b (Div.) 
983 |2 24  |1 01  |x 0008  |8 52  |0 (DE-627)252822609  |a gsd 060.50  |b Geschichte 1250-1500 
983 |2 24  |1 01  |x 0008  |8 72  |0 (DE-627)057930767  |a gsd 060  |b Geschichte 1250-1500 
983 |2 24  |1 03  |x 0008  |8 00  |a retro037 
983 |2 39  |1 00  |x DE-547  |8 00  |a NM 7260 
983 |2 39  |1 03  |x 0547  |8 00  |a 31-Na 0043 
983 |2 60  |1 00  |x DE-705  |8 04  |a PHL 170 
983 |2 70  |1 00  |x DE-89  |8 40  |a Hist 4600 
983 |2 70  |1 00  |x DE-89  |8 40  |a CE 1250 
983 |2 130  |1 01  |x 0700  |8 00  |a HJP 
983 |2 131  |1 00  |x DE-Va1  |8 00  |a LDJV 
983 0 0 |2 754  |1 00  |x DE-B1532  |8 00  |a _[ ]E 81/397 
983 0 0 |2 754  |1 00  |x DE-B1532  |8 03  |a _[ ]10046502 
983 |2 2002  |1 02  |x DE-21-108  |8 00  |0 (DE-627)1294774603  |a HA 060 
983 |2 2020  |1 01  |x DE-Ch1  |8 00  |0 (DE-627)129197086X  |a NM 7250 
983 |2 2020  |1 01  |x DE-Ch1  |8 01  |0 (DE-627)1292313935  |a CE 1060 
984 |2 11  |1 01  |x 0001  |a 123899475010 
984 |2 11  |1 02  |x 0001  |a 122796188010 
984 |2 20  |1 01  |x 0084  |a 84$024348476 
984 |2 21  |1 01  |x 0046  |a 46$0007434596 
984 |2 22  |1 01  |x 0018  |a 7441016232 
984 |2 22  |1 02  |x 0018  |a 075212050 
984 |2 22  |1 03  |x 0018  |a 056307627 
984 |2 22  |1 05  |x 0018  |a 087776629 
984 |2 24  |1 01  |x 0008  |a 8$0000668753 
984 |2 24  |1 03  |x 0008  |a 8$0005832926 
984 |2 31  |1 01  |x 0027  |a 27$009202072 
984 |2 39  |1 02  |x 0547  |a 547$00113499X 
984 |2 39  |1 03  |x 0547  |a 547$003979415 
984 |2 40  |1 01  |x 0007  |a 7$110720490 
984 |2 40  |1 03  |x 0007  |a 7$224957449 
984 |2 50  |1 01  |x 0023  |a 23$11069015  |x 00 
984 |2 60  |1 01  |x 0705  |a 705/0$01821067 
984 |2 62  |1 01  |x 0028  |a 28$005055105 
984 |2 65  |1 01  |x 0003  |a 3$000978213 
984 |2 69  |1 01  |x 0009  |a 9$02442922 
984 |2 70  |1 01  |x 89/19  |a 35/04$01458140 
984 |2 70  |1 80  |x 89/19  |a 89$144404990 
984 |2 72  |1 01  |x 0035  |a 35$000527068 
984 |2 110  |1 01  |x 3110  |a LUN4$01161199 
984 |2 121  |1 01  |x 0045  |a 45$08978071 
984 |2 130  |1 01  |x 0700  |a 700$40597887 
984 |2 131  |1 01  |x 3131  |a VA1$01740178 
984 |2 257  |1 01  |x 3537  |a H99$1158899 
984 |2 350  |1 01  |x 8293  |a 8293000378091 
984 |2 754  |1 01  |x 3754  |a 10046502 
984 |2 807  |1 01  |x 3807  |a WB1$0011486 
984 |2 2012  |1 05  |x DE-16-12  |a 613784125 
984 |2 2012  |1 06  |x DE-16-29  |a 602585924 
984 |2 2012  |1 07  |x DE-16-32  |a 311273472 
984 |2 2012  |1 08  |x DE-16-86  |a 580357909 
985 |2 21  |1 01  |x 0046  |a ch 5557 
985 |2 22  |1 02  |x 0018  |a 15851/1976 
985 |2 22  |1 03  |x 0018  |a 1974.96 
985 |2 22  |1 05  |x 0018  |a 393/1986 
985 |2 24  |1 03  |x 0008  |a 17439 
985 |2 31  |1 01  |x 0027  |a B93/R/68894 
985 |2 39  |1 02  |x 0547  |a PH01-1994030502 
985 |2 39  |1 03  |x 0547  |a 31-Na 0043 (9) 
985 |2 40  |1 02  |x 0007  |a 74.767 
985 |2 40  |1 04  |x 7/45  |a P 665 
985 |2 50  |1 01  |x 0023  |a F8° 1223:9 
985 |2 60  |1 01  |x 0705  |a H 8850/s 
985 |2 62  |1 01  |x 0028  |a SA 105 (9) 
985 |2 69  |1 01  |x 0009  |a 94.355 
985 |2 70  |1 01  |x 89/19  |a BBG 10004 
985 |2 70  |1 80  |x 89/19  |a BBG 2025-3073 
985 |2 72  |1 01  |x 0035  |a 1981.3053 
985 |2 110  |1 01  |x 3110  |a 79-4979 
985 |2 120  |1 01  |x 0715  |a 1973.0787 
985 |2 131  |1 01  |x 3131  |a 174017 
985 |2 257  |1 01  |x 3537  |a 2011.2695 
985 |2 341  |1 01  |x 4341  |a 1973.0787 
985 |2 350  |1 01  |x 8293  |a 74/833 
985 |2 807  |1 01  |x 3807  |a 2023-25 
985 |2 2002  |1 01  |x DE-21-35  |a 1973/46197 
985 |2 2002  |1 02  |x DE-21-108  |a 1961/78 
985 |2 2002  |1 03  |x DE-21-32b  |a 24431 
985 |2 2008  |1 01  |x DE-24  |a 0070030 
985 |2 2012  |1 05  |x DE-16-12  |a 10648 
985 |2 2012  |1 06  |x DE-16-29  |a 1983/A 74 
985 |2 2012  |1 07  |x DE-16-32  |a WT 1688/74 
985 |2 2056  |1 01  |x DE-2491  |a 73.2108 
985 |2 2208  |1 01  |x DE-451  |a 2008/782 
985 |2 2285  |1 01  |x DE-Beu1  |a 1975.28 
985 |2 2579  |1 01  |x DE-Mz5  |a 1976.139 
995 |2 21  |1 01  |x 0046  |a Aufsätze_anzuhängen 
995 |2 21  |1 01  |x 0046  |a unc_202006 
995 |2 24  |1 01  |x 0008  |a hk 
995 |2 24  |1 03  |x 0008  |a ea 
995 |2 70  |1 80  |x 89/19  |a enthTIB 
995 |2 120  |1 01  |x 0715  |a alma 
995 |2 121  |1 01  |x 0045  |a alma